| 000 | 00942nam a2200253Ia 4500 | ||
|---|---|---|---|
| 003 | OSt | ||
| 005 | 20221005112311.0 | ||
| 006 | a|||||r|||| 00| 0 | ||
| 007 | ta | ||
| 008 | 221004b |||||||| |||| 00| 0 pan d | ||
| 020 |
_a9788178563862 (hbk) _c250 |
||
| 024 | _a5363 | ||
| 037 |
_b686, 12/06/2013, H.K. Prakashan _cTextual |
||
| 040 |
_aCRL _cCRL _bpan |
||
| 041 |
_2pan _apan |
||
| 082 | _aQ8441wK66:g, 153Q3 | ||
| 100 | _aਬ੍ਰਹਮਜਗਦੀF ਸਿੰਘ | ||
| 245 | 0 |
_aਸੂਰਬੀਰ ਯੋਧਾ ਗੁਰੂ ਗੋਬਿੰਦ ਸਿੰਘ _b ਜੀਵਨ, ਸੰਦੇF ਅਤੇ ਬਾਣੀ |
|
| 260 |
_aਅੰਮ੍ਰਿਤਸਰ _bਵਾਰਿਸ Fਾਹ ਭਾਰਤ _c2013 |
||
| 300 |
_a160ਪੰ _ccm. |
||
| 650 | _aਧਰਮ | ||
| 942 |
_hQ8441wK66:g, 153Q3 _cTEXL _2cc |
||
| 999 |
_c1024480 _d1024480 |
||